000 00220 a2200097 4500
001 52245
100 _aMatthys R J
245 _aCrystal Oscillator Circuits
260 _aNew York
_bJohn Wiley
_c
090 _c32905
_d32905
942 _aNUST-CAE
_cM
_c25453
999 _c287318
_d287318